Sukan olimpik
| Main Author: | |
|---|---|
| Format: | Book |
| Published: |
Melaka :
Associated Educational Distributors (M) Sdn.Bhd. ,
2008
|
| Series: | Siri sukan dunia
|
| Subjects: |
MARC
| LEADER | 00000cam a2200000 7i4500 | ||
|---|---|---|---|
| 001 | 0000121129 | ||
| 005 | 20080721.0 | ||
| 020 | |a 9789833859269 | ||
| 090 | 0 | 0 | |a 796 |b HAK |
| 100 | 0 | |a Hakimi Muhammad | |
| 245 | 1 | 0 | |a Sukan olimpik |c Hakimi Muhammad |
| 260 | |a Melaka : |b Associated Educational Distributors (M) Sdn.Bhd. , |c 2008 | ||
| 300 | |a 51p. : |b ill. ; |c 29cm. | ||
| 490 | 0 | |a Siri sukan dunia | |
| 650 | 0 | 0 | |a Olympics |x Juvenile literature |
| 999 | |a 00213894 |b BUKU |c JUNIOR BOOKS |e PERPUSTAKAAN KOMUNITI PETALING JAYA | ||